000 00591nam a2200181 a 4500
005 20140310183404.0
008 121010s19uu xx 00 eng d
020 _a9781424007875
050 _aPE 1628
_b.C712 2008
100 _aHogan, Dennis
245 _aCollins COBUILD school dictionary of American English /
_cCollins, Thomson Heinle [Dennis Hogan, president].
250 _a1st ed.
260 _aBoston, MA :
_bThomson Heinle,
_c2008.
300 _a1134 p. :
_bill. col. ;
_c20 cm.
650 _aEnglish language
_xUnited States
_xDictionaries
942 _cBK
_2lcc
999 _c22361
_d22361